00460nam a2200133Ia 4500082001200000100001600012245009500028260002700123300000800150650004400158650004700202650004000249710003700289 aRL.0017 aLobo, Lancy 0aReligious conversion and social mobility :bA case study of the Vankars in Central Gujarat c1991bICSSR, New Delhi a259 aVANKARS, THE - GUJARAT - KHEDA DISTRICT aSOCIAL MOBILITY - GUJARAT - KHEDA DISTRICT aCONVERTS - GUJARAT - KHEDA DISTRICT aCentre for Social Studies, Surat